Science Quiz

Random Science Quiz

H1 NMR Shifts Quiz Stats

Quiz not verified by Sporcle

Also try: Blurry Mammals
Challenge
Share
Tweet
Embed
Score 0/18 Timer 10:00
0 Plays Today
% Correct
1-2
78.4%
9.0-10.0
77.8%
6.0-9.0
64.2%
4.0-4.5
56.8%
0.5-6.0
51.9%
3.3-3.9
50.6%
3.6-3.8
49.4%
3.1-3.3
48.8%
3.4-3.6
46.3%
% Correct
5.0-9.0
46.3%
4.6-5.0
45.1%
1.0-5.0
43.8%
3.3-3.9
43.2%
2.1-2.6
41.4%
2.1-2.6
40.7%
4.5-7.7
37%
2.2-2.5
33.3%
3.3-4.0
26.5%

You're not logged in!

Compare scores with friends on all Sporcle quizzes.
Join for Free
OR
Log In

You Might Also Like...

Show Comments

Extras

Top Quizzes Today


Score Distribution

Your Account Isn't Verified!

In order to create a playlist on Sporcle, you need to verify the email address you used during registration. Go to your Sporcle Settings to finish the process.

Report this User

Report this user for behavior that violates our Community Guidelines.

Details: